000 00441nam a2200169Ia 4500
005 20250423101029.0
008 250422s9999 xx 000 0 und d
020 _a9782063762
050 _aPL 8010 .M68/
100 _a Mowah, F. U.
245 0 _aStructuralist discourse on African literature
260 _aIbadan, Oyo State, Nigeria :
260 _bStirling-Horden Publishers,
260 _c1997
300 _a50 p
942 _cBK
999 _c35073
_d35073